| 000 | 01450nam a2200349 c 4500 | ||
|---|---|---|---|
| 003 | BLK | ||
| 005 | 20231228105750.0 | ||
| 008 | 180408b bul|||||r ||||||| ||bul|| | ||
| 010 | _aKNG00059013000 | ||
| 020 |
_a978-954-655-097-2 _bиздат.: Бард |
||
| 040 | _aBLK | ||
| 041 |
_aBUL _cBUL |
||
| 072 | 7 |
_2bullib _aН83 _xЧужда художествена литература Н |
|
| 080 |
_aАмериканска литература (на САЩ) _b821.111(73) _x-322.9 _z821.111(73)-322.9 |
||
| 100 | 1 |
_aМартин, Джордж Реймънд Ричард _eпърви автор _9258212 |
|
| 700 |
_aСтойнов, Юлиян Иванов _9249851 |
||
| 139 |
_aМартин, Джордж Реймънд Ричард _bМ 34 |
||
| 245 | 1 | 0 |
_aПясъчните крале _bПовести и разкази _cДжордж Реймънд Ричард Мартин; състав. и прев. Юлиян Иванов Стойнов. |
| 257 | _aUSA | ||
| 260 |
_аСофия _bБард _c2010 _fХасково : Полиграфюг |
||
| 300 |
_a336 с. _c20 см |
||
| 380 | _aX | ||
| 490 | 1 | _aИзбрана световна фантастика | |
| 490 | 1 |
_3Подсерия _aФантастика _v165 |
|
| 659 | _aН | ||
| 852 | _aЦб 252290 | ||
| 856 | 4 |
_qpdf _u |
|
| 856 | 4 |
_qpdf _u |
|
| 942 |
_cKNG _n0 _04 |
||
| 944 |
_aCR _c08.07.2011 _k30560 _lГеновева Генчева |
||
| 944 |
_aED _c27.10.2011 _k |
||
| 999 |
_c55048 _d55048 |
||